000 00587nam a2200205Ia 4500
005 20250508152045.0
008 008 250505s9999 xx 000 0 eng d
037 _aTextual
040 _aFEDL
_beng
_cFEDL
041 _aeng
_2eng
084 _a371.2, THU
_qFEDL
100 _aThurston Lee M
_9760649
245 0 _aState school administration
260 _aNew York, USA
_bHarper and Brothers Publisher
_c1957
300 _ax,427p.
650 _aSchool Administration
700 _a Roe William H
_9760650
942 _cTEXL
_h371.2, THU
999 _c1333987
_d1333987